[Event "corr 7.EST email ch"]
[Site "EKMÜ"]
[Date "2004.01.15"]
[Round "?"]
[White "Reede, Arvo"]
[Black "Raidaru, Mart"]
[Result "0-1"]
[WhiteElo "1999"]
[BlackElo "2098"]
   
1.e4 e5 2.Nf3 Nc6 3.Bb5 a6 4.Ba4 Nf6 
5.0-0 Bc5 6.c3 b5 7.Bc2 d6 8.a4 Bg4 9.b4 Bb6 
10.Qe2 0-0 11.a5 Ba7 12.h3 Be6 13.d3 h6 14.Rd1 d5 
15.exd5 Nxd5 16.Nxe5 Nxe5 17.Qxe5 Nxb4 18.Bxh6 gxh6 19.cxb4 Bd4 
20.Qg3+ Kh7 21.Ra3 Rg8 22.Qf3 Bd5 23.Qf5+ Kh8 24.g4 Qh4 
25.Qxd5 Rxg4+ 26.hxg4 Qxf2+ 0-1

[Event "corr 7.EST email ch"] 
[Site "EKMÜ"] 
[Date "2004.01.15"] 
[Round "?"] 
[White "Kaul, Heino"] 
[Black "Raidaru, Mart"] 
[Result "1-0"]
[WhiteElo "2090"] 
[BlackElo "2278"]

1.e4 e5 2.Nf3 Nc6 3.Bc4 Nf6 4.Ng5 d5 5.ed5 Na5 6.Bb5+ c6 7.dxc6 bxc6  
8.Be2 h6 9.Nf3 e4 10.Ne5 Qd4 11.f4 Nd7 12.c3 Qd5 13.Nxd7 Bxd7 
14.0-0 Nb7 15.d4 c5 16.Be3 cxd4 17.Qxd4 Qxd4 18.Bxd4 Bc5 19.Rd1 f5 
20.Bxc5 Nxc5 21.Rd5 Rc8 22.Na3 Ke7 23.Re5+ Kf6 
24.Rd1 Rhd8 25.Rd6+ Kf7 26.Nc4 1-0

[Event "corr 7.EST email ch"]
[Site "EKMÜ"]
[Date "2004.01.15"]
[Round "?"]
[White "Raidaru, Mart"]
[Black "Koppe, Jaan"]
[Result "1/2-1/2"]
[WhiteElo "2098"]
[BlackElo "2089"]

1.e4 c5 2.d4 cxd4 3.c3 dxc3 4.Nxc3 Nc6 5.Nf3 Nf6 6.Bc4 e6 7.O-O Nxe4 8.
Nxe4 d5 9.Qc2 dxc4 10.Rd1 Qc7 11.Qxc4 e5 12.Nfg5 Bg4 13.Rd5 Bh5 14.Bf4
exf4 15.Re1 Be7 16.Nd6+ Kf8 17.Ndxf7 Bxf7 18.Nxf7 g6 19.Nxh8 Bf6 20.b4 a6
21.a4 Bxh8 22.b5 axb5 23.axb5 Qe7 24.Qxf4+ Bf6 25.Kf1 Qf7 26.bxc6 Qxd5
27.Qxf6+ Kg8 28.cxb7 1/2-1/2

[Event "corr 7.EST email ch"] 
[Site "EKMÜ"] 
[Date "2004.01.15"] 
[Round "?"] 
[White "Kipso, Agu"] 
[Black "Raidaru, Mart"] 
[Result "1/2-1/2"]
[WhiteElo "2088"] 
[BlackElo "2098"]
 
1.Nf3 Nf6 2.g3 g6 3.Bg2 Bg7 4.0-0 0-0 5.d3 d6 6.e4 e5 7.c3 c5 
8.Re1 Nc6 9.h3 Be6 10.Be3 Qc8 11.Kh2 b5 12.Nbd2 h6 13.Nf1 b4 
14.d4 exd4 15.cxd4 cxd4 16.Nxd4 Nxd4 17.Bxd4 Qc4 18.Bxf6 Bxf6 19.e5 Bxe5 
20.Bxa8 Rxa8 21.Ne3 Qb5 22.Qe2 Qxe2 23.Rxe2 a5 24.a3 bxa3 25.Rxa3 a4 
26.f4 Bd4 27.Rd3 Bc5 28.g4 Bd7 29.Rc2 1/2-1/2

[Event "corr 6.EST email ch"]
[Site "EKMÜ"]
[Date "2004.01.15"]
[Round "?"]
[White "Siigur, Jüri"]
[Black "Lindsalu, Indrek"]
[Result "1-0"]
[WhiteElo "2441"]
[BlackElo "2063"]


1.e4 c6 2.d4 d5 3.e5 Bf5 4.Nf3 e6 5.Be2 c5 6.c3 Nc6 7.O-O cxd4 8.cxd4
Nge7 9.Be3 Rc8 10.a3 Bg4 11.Nbd2 Nf5 12.h3 Bh5 13.Rc1 Be7 14.b4 a6 15.
Nb3 O-O 16.Qd2 Qb6 17.Rc3 Na7 18.Rd3 Nxe3 19.Rxe3 Rc7 20.Nc5 Nc6 21.Rc3
Bxf3 22.gxf3 Qa7 23.f4 Rfc8 24.Bg4 Nd8 25.f5 b6 26.f6 Bf8 27.fxg7 Bxg7
28.Na4 f6 29.exf6 Bxf6 30.Qh6 Rxc3 31.Nxc3 Bg7 32.Qg5 h6 33.Qe3 Qd7 34.
Ne2 Rc4 35.f4 Rc7 36.Kg2 Rc6 37.f5 exf5 38.Bxf5 Ne6 39.Kh1 Qd6 40.Rg1 Nf8
41.Nf4 Rc7 42.Qf3 Rf7 43.Nh5 Kh8 44.Qg2 Qc7 45.Qxd5 b5 46.Nxg7 Rxg7 47.
Qe5 Qxe5 48.dxe5 Rf7 49.e6 Re7 50.Kh2 Re8 51.Re1 Re7 52.Kg3 Kg7 53.Kg4
Kf6 54.h4 h5+ 55.Kf4 1-0

[Event "corr 6.EST email ch"]
[Site "EKMÜ"]
[Date "2004.01.15"]
[Round "?"]
[White "Trubetskoi, Roland"]
[Black "Raidaru, Mihkel"]
[Result "1/2-1/2"]
[WhiteElo "2240"]
[BlackElo "2310"]

1.e4 e5 2.Nf3 Nc6 3.Bb5 a6 4.Bxc6 dxc6 5.O-O Qd6 6.Na3 Be6 7.Qe2 f6 8.
Rd1 O-O-O 9.d4 Bg4 10.Be3 Qe6 11.dxe5 Rxd1+ 12.Qxd1 Bxa3 13.bxa3 fxe5 14.
Ng5 Bxd1 15.Nxe6 Bxc2 16.f3 b6 17.Rc1 Ba4 18.Nxg7 Nf6 19.Kf2 Rf8 20.Nf5
Kd7 21.g4 c5 22.Bd2 Ke6 23.Bc3 Ne8 24.h4 Nd6 25.Ng7+ Kf6 26.Nh5+ Ke6 27.
Kg3 Be8 28.Ng7+ Kf6 29.Nf5 Ke6 30.h5 Nb5 31.Ng7+ Kf6 32.Nxe8+ Rxe8 33.f4
Nxc3 34.g5+ Kf7 35.Rxc3 exf4+ 36.Kxf4 Ke6 37.g6 hxg6 38.hxg6 Rf8+ 39.Kg5
Ke5 40.g7 Rg8 41.Kg6 Kxe4 1/2-1/2

[Event "corr 6.EST email ch"]
[Site "EKMÜ"]
[Date "2004.01.15"]
[Round "?"]
[White "Post, Toomas"]
[Black "Gornoi, Meelik"]
[Result "1/2-1/2"]
[WhiteElo "2343"]
[BlackElo "2202"]

1.e4 c5 2.Nf3 d6 3.d4 cxd4 4.Nxd4 Nf6 5.Nc3 a6 6.a4 Nc6 7.Be2 g6 8.O-O
Bg7 9.Be3 O-O 10.f4 Rb8 11.Bf3 Ng4 12.Bxg4 Bxg4 13.Nxc6 Bxd1 14.Nxd8 Bxc2
15.Rf2 Bxc3 16.Rxc2 Ba5 17.Nxf7 1/2-1/2

[Event "corr 7.EST email ch"]
[Site "EKMÜ"]
[Date "2004.01.15"]
[Round "?"]
[White "Raidaru, Mart"]
[Black "Kaul, Heino"]
[Result "1-0"]
[WhiteElo "2078"]
[BlackElo "2090"]

1.c4 b6 2.d4 e6 3.a3 Nf6 4.Nc3 Bb7 5.e3 Be7 6.Nf3 O-O 7.Bd3 c5 8.d5
exd5 9.cxd5 d6 10.e4 Ba6 11.O-O Bxd3 12.Qxd3 Nbd7 13.h3 a6 14.Bf4 b5 15.
Rfe1 Re8 16.Rad1 c4 17.Qc2 Qc7 18.Ne2 Qb7 19.Ned4 Nc5 20.Nf5 Nd3 21.Bxd6
Nxe1 22.Rxe1 Bd8 23.Be5 Qd7 24.Bc3 Qc7 25.d6 Qb7 26.e5 Nd7 27.Nxg7 Kxg7
28.e6+ Bf6 29.Ng5 Nf8 30.Bxf6+ Kxf6 31.Qc3+ Kg6 32.Ne4 1-0

[Event "corr 7. EST email ch"]
[Site "EKMÜ"]
[Date "2004.01.15"]
[Round "?"]
[White "Raidaru, Mart"]
[Black "Kipso, Agu"]
[Result "1/2-1/2"]
[WhiteElo "2098"]
[BlackElo "2088"]

1. Nf3 Nf6 2. c4 g6 3. Nc3 Bg7 4. e4 d6 5. d4 O-O 6. Be2 e5 7. O-O Nc6 8. d5
Ne7 9. b4 Nh5 10. Re1 f5 11. Ng5 Nf6 12. Bf3 c6 13. Be3 cxd5 14. cxd5 h6 15.
Ne6 Bxe6 16. dxe6 fxe4 17. Nxe4 Nxe4 18. Bxe4 d5 19. Bc2 b6 20. Ba4 Qd6 21. Bd7
Qxb4 22. Rb1 Qh4 23. f3 Rf5 24. Bf2 Qf6 25. Bg3 h5 26. h4 g5 27. Qa4 d4 28. Re4
Rf8 29. Qc2 Qg6 30. hxg5 Rxg5 31. Bh4 Rxf3 32. Bxg5 Qxg5 33. Rb3 Rxb3 34. Qxb3
Bf6 1/2-1/2

[Event "corr 7. EST email ch"]
[Site "EKMÜ"]
[Date "2004.01.15"]
[Round "?"]
[White "Kaul, Heino"]
[Black "Reede, Arvo"]
[Result "1-0"]
[WhiteElo "2109"]
[BlackElo "1999"]

1. e4 d6 2. d4 Nf6 3. Nc3 g6 4. f4 Bg7 5. Nf3 O-O 6. Bd3 Nc6 7. e5 Ng4 8. h3
Nh6 9. g4 Nb4 10. Bc4 c5 11. d5 Nxg4 12. a3 Nxd5 13. Qxd5 Be6 14. Qe4 Bxc4 15.
Qxc4 Nh6 16. Bd2 Nf5 17. O-O-O Qc7 18. e6 Bxc3 19. exf7+ Rxf7 20. Qxc3 e6 21.
Rde1 Re7 22. h4 Rae8 23. h5 Qc6 24. hxg6 h6 25. Ng5 Rg7 26. Nh7 Ree7 27. Qf6
Qc8 28. Bc3 1-0

[Event "corr 7. EST email ch"]
[Site "EKMÜ"]
[Date "2004.01.15"]
[Round "?"]
[White "Koppe, Jaan"]
[Black "Raidaru, Mart"]
[Result "1/2-1/2"]
[WhiteElo "2109"]
[BlackElo "1999"]

1. e4 c5 2. Nf3 d6 3. d4 cxd4 4. Nxd4 Nf6 5. Nc3 a5 6. Be3 e5 7. Bb5+ Bd7 8.
Nf5 Bc6 9. Bg5 h6 10. Bxf6 Qxf6 11. Qd3 g6 12. Ne3 Nd7 13. Ned5 Qd8 14. Qc4 Rc8
15. Qe2 Bg7 16. O-O O-O 17. Rad1 Nc5 18. Rfe1 Ne6 19. Qd3 Nd4 20. Bc4 Bd7 21.
Bb3 b5 22. a3 Kh7 23. Ne2 Nxb3 24. Qxb3 f5 25. Nec3 a4 26. Qb4 Rc5 27. Ne3 f4
28. Ned5 g5 29. b3 axb3 30. cxb3 g4 31. a4 bxa4 32. Nxa4 Bxa4 33. Qxa4 Ra5 34.
Qb4 Ra7 35. Ra1 Rff7 1/2-1/2

[Event "corr 7. EST email ch"]
[Site "EKMÜ"]
[Date "2004.01.15"]
[Round "?"]
[White "Koppe, Jaan"]
[Black "Reede, Arvo"]
[Result "1-0"]
[WhiteElo "2089"]
[BlackElo "1999"]
[PlyCount "87"]

1. e4 c5 2. Nf3 d6 3. d4 cxd4 4. Nxd4 Nf6 5. Nc3 Nc6 6. Be2 g6 7. Nxc6 bxc6 8.
O-O Bg7 9. Be3 O-O 10. Qd2 c5 11. Rfd1 Qc7 12. Bh6 Rb8 13. b3 Bb7 14. Bxg7 Kxg7
15. Qf4 a6 16. Nd5 Nxd5 17. exd5 h6 18. Bc4 Rfd8 19. Rd2 Re8 20. Re2 Rbc8 21.
Rae1 Rcd8 22. Qd2 e6 23. dxe6 d5 24. e7 Rd7 25. Qc3+ Kg8 26. Bd3 Rdxe7 27. Qf6
Rxe2 28. Rxe2 Rxe2 29. Bxe2 Qa5 30. Qd6 Kg7 31. Bf1 h5 32. Qe5+ Kh7 33. Qe7 Qb4
34. Qxf7+ Kh6 35. c4 d4 36. Qf8+ Kh7 37. Qe7+ Kh6 38. Qe6 Qd2 39. Qg8 h4 40.
Qf8+ Kh5 41. Qxc5+ g5 42. Qe7 Bxg2 43. Qh7+ Kg4 44. Kxg2 1-0

[Event "corr 7. EST email ch"]
[Site "EKMÜ"]
[Date "2004.01.15"]
[Round "?"]
[White "Reede, Arvo"]
[Black "Koppe, Jaan"]
[Result "1/2-1/2"]
[WhiteElo "1999"]
[BlackElo "2089"]
[PlyCount "75"]

1. e4 e5 2. Nf3 Nc6 3. Bb5 a6 4. Ba4 Nf6 5. O-O Nxe4 6. d4 b5 7. Bb3 d5 8. dxe5
Be6 9. c3 Nc5 10. Bc2 Bg4 11. Re1 Be7 12. Nbd2 d4 13. Nb3 d3 14. Bb1 Nxb3 15.
axb3 Bf5 16. b4 O-O 17. Re3 Qd5 18. Bxd3 Rfd8 19. Ne1 Nxe5 20. Qh5 Nxd3 21.
Rxe7 Re8 22. Rxe8+ Rxe8 23. Nxd3 Bxd3 24. Qd1 Qb3 25. Bf4 Qxb2 26. Rc1 Bc4 27.
h3 h6 28. Rc2 Qa3 29. Bxc7 Qb3 30. Kh2 f6 31. Rc1 Qa2 32. Bb6 Qa3 33. Be3 Be6
34. Bd4 Qa4 35. Ra1 Qxd1 36. Rxd1 Bb3 37. Rc1 Kf7 38. Ra1 1/2-1/2

[Event "corr 7. EST email ch"]
[Site "EKMÜ"]
[Date "2004.01.15"]
[Round "?"]
[White "Reede, Arvo"]
[Black "Kaul, Heino"]
[Result "0-1"]
[WhiteElo "1999"]
[BlackElo "2090"]
[PlyCount "84"]

1. d4 d5 2. c4 c6 3. Nf3 Nf6 4. Nc3 e6 5. e3 Nbd7 6. Bd3 dxc4 7. Bxc4 b5 8. Bd3
Bb7 9. e4 b4 10. Na4 c5 11. e5 Nd5 12. O-O cxd4 13. Re1 Qa5 14. Nxd4 Rc8 15.
Bb5 Rc7 16. Bd2 a6 17. Bxd7+ Rxd7 18. a3 Nc7 19. axb4 Bxb4 20. Nc3 Qb6 21. Be3
O-O 22. Qg4 h5 23. Nc2 hxg4 24. Bxb6 Bxc3 25. bxc3 Nd5 26. Ba5 Nf4 27. Ne3 Nd3
28. Red1 Nxe5 29. Rxd7 Nxd7 30. Nxg4 Rc8 31. Bb4 f5 32. Ne3 Ne5 33. Rd1 f4 34.
Nc2 f3 35. g3 Nc4 36. Ne3 Nxe3 37. fxe3 e5 38. Rd7 Bc6 39. Ra7 Rd8 40. c4 Rd1+
41. Kf2 Be4 42. Rxa6 Rb1 0-1

[Event "corr 7. EST email ch"]
[Site "EKMÜ"]
[Date "2004.01.15"]
[Round "?"]
[White "Otspere, Urmas"]
[Black "Raidaru, Mart"]
[Result "0-1"]
[WhiteElo "2020"]
[BlackElo "2098"]
[PlyCount "66"]

1. d4 Nf6 2. c4 e6 3. Nc3 Bb4 4. e3 O-O 5. Bd3 d5 6. a3 dxc4 7. Bxc4 Bd6 8. Nf3
c5 9. Nb5 Be7 10. O-O a6 11. Nc3 b5 12. Bb3 Bb7 13. Bd2 Nc6 14. Rc1 cxd4 15.
exd4 Nxd4 16. Nxd4 Qxd4 17. Be3 Qh4 18. Qe2 Rfd8 19. h3 Rac8 20. Rfd1 Bd6 21.
Rd4 Bh2+ 22. Kxh2 Rxd4 23. Bxd4 Qf4+ 24. Kg1 Qxc1+ 25. Bd1 Qg5 26. f3 Nd5 27.
Ne4 Qf4 28. Bf2 Qc1 29. Be1 Ne3 30. Bb3 Bxe4 31. fxe4 Nc2 32. Kf1 Nxe1 33. Qxe1
Qf4+ 0-1

[Event "corr 7. EST email ch"]
[Site "EKMÜ"]
[Date "2004.01.15"]
[Round "?"]
[White "Raidaru, Mart"]
[Black "Juhtund, Margus"]
[Result "1-0"]
[WhiteElo "2098"]
[BlackElo "1922"]
[PlyCount "67"]

1. e4 e5 2. Nf3 Nc6 3. Bb5 a6 4. Bxc6 dxc6 5. O-O Bg4 6. h3 h5 7. d3 Qf6 8.
Nbd2 g5 9. b3 Bb4 10. Bb2 Bxd2 11. Qxd2 Bxf3 12. Qa5 b6 13. Qxe5+ Qxe5 14. Bxe5
Rh6 15. gxf3 Kd7 16. Bc3 Ne7 17. Kh2 Rg8 18. Rg1 Rhg6 19. b4 f5 20. Rae1 Rf8
21. Rg2 g4 22. fxg4 fxg4 23. hxg4 hxg4 24. Rh1 Kd6 25. Kg1 c5 26. bxc5+ Kxc5
27. Rh4 Rfg8 28. Rh7 Kd6 29. Bd2 c5 30. Bf4+ Ke6 31. Rgh2 Nc6 32. Rb7 b5 33.
Rhh7 b4 34. Rhc7 1-0

[Event "corr 7. EST email ch"]
[Site "EKMÜ"]
[Date "2004.01.15"]
[Round "?"]
[White "Juhtund, Margus"]
[Black "Raidaru, Mart"]
[Result "1/2-1/2"]
[WhiteElo "1922"]
[BlackElo "2098"]
[PlyCount "64"]

1. e4 e5 2. Nf3 Nc6 3. Bc4 Nf6 4. d4 exd4 5. e5 d5 6. Bb5 Ne4 7. Nxd4 Bd7 8.
Bxc6 bxc6 9. O-O Bc5 10. c3 O-O 11. f3 Ng5 12. f4 Ne4 13. Nd2 f5 14. Nxe4 fxe4
15. Be3 Qe7 16. c4 Rab8 17. Rb1 Bb6 18. b4 Bxd4 19. Qxd4 Rxb4 20. Rxb4 Qxb4 21.
Rc1 Qa5 22. Qxa7 Qxa7 23. Bxa7 Ra8 24. Bd4 dxc4 25. Rc2 Be6 26. Bc5 Kf7 27. Kf2
h5 28. Ke3 Kg6 29. a3 Kf5 30. Bb4 Rd8 31. Rd2 Rb8 32. Rc2 c5 1/2-1/2

[Event "corr 7. EST email ch"]
[Site "EKMÜ"]
[Date "2004.01.15"]
[Round "?"]
[White "Reede, Arvo"]
[Black "Kipso, Agu"]
[Result "0-1"]
[WhiteElo "1999"]
[BlackElo "2088"]
[PlyCount "46"]

1. d4 Nf6 2. c4 c5 3. d5 b5 4. Nf3 g6 5. cxb5 a6 6. e3 Bg7 7. Nc3 O-O 8. d6 Bb7
9. Be2 Re8 10. O-O exd6 11. Qxd6 Bf8 12. Qg3 d5 13. bxa6 Nxa6 14. Bb5 Ne4 15.
Qh4 Qxh4 16. Nxh4 Nxc3 17. bxc3 Re4 18. Nf3 Nc7 19. Bd3 Rea4 20. Rb1 Ba6 21.
Bxa6 R4xa6 22. Rd1 Bg7 23. Rxd5 Nxd5 0-1

[Event "corr 7. EST email ch"]
[Site "EKMÜ"]
[Date "2004.01.15"]
[Round "?"]
[White "Raidaru, Mart"]
[Black "Otspere, Urmas"]
[Result "1-0"]
[WhiteElo "2098"]
[BlackElo "2020"]
[PlyCount "73"]

1. e4 c5 2. Nf3 Nc6 3. d4 cxd4 4. Nxd4 Nf6 5. Nc3 e5 6. Ndb5 d6 7. Bg5 a6 8.
Na3 b5 9. Bxf6 gxf6 10. Nd5 f5 11. c3 Bg7 12. exf5 Bxf5 13. Nc2 Be6 14. a4 O-O
15. axb5 axb5 16. Rxa8 Qxa8 17. Nc7 Qa2 18. Bxb5 Qxb2 19. O-O Na7 20. Nxe6 fxe6
21. Bd7 Qxc3 22. Bxe6+ Kh8 23. Ne3 Nb5 24. Qd5 Nd4 25. Qxd6 Qd3 26. Qe7 Qg6 27.
Bg4 Rg8 28. g3 Bf6 29. Qd6 Rd8 30. Qb6 e4 31. Rd1 Qg5 32. h4 Qg6 33. Rxd4 Rxd4
34. Bh5 Qh6 35. Nf5 Qc1+ 36. Kg2 Be5 37. Qe6 1-0

[Event "corr 7. EST email ch"]
[Site "EKMÜ"]
[Date "2004.01.15"]
[Round "?"]
[White "Koppe, Jaan"]
[Black "Kaul, Heino"]
[Result "0-1"]
[WhiteElo "2089"]
[BlackElo "2109"]
[PlyCount "68"]

1. e4 g6 2. d4 Bg7 3. c4 d6 4. Nc3 Nd7 5. Nf3 e5 6. d5 Ne7 7. Be2 O-O 8. O-O f5
9. exf5 Nxf5 10. Bg5 Nf6 11. Ne4 a5 12. Rc1 b6 13. Qc2 h6 14. Bxf6 Bxf6 15.
Rfd1 Bg7 16. Bd3 Kh8 17. Re1 Bd7 18. Rcd1 a4 19. h3 g5 20. Nc3 h5 21. Bxf5 Bxf5
22. Ne4 g4 23. hxg4 hxg4 24. Nfd2 Bh6 25. Qc3 Qh4 26. Ng3 Bg6 27. Nde4 Bf4 28.
Rd3 Rf7 29. Qc2 Raf8 30. Qd1 Bxe4 31. Rxe4 Rh7 32. Rf3 gxf3 33. Qxf3 Qh6 34.
Kf1 Bxg3 0-1

[Event "corr 7. EST email ch"]
[Site "EKMÜ"]
[Date "2004.01.15"]
[Round "?"]
[White "Kaul, Heino"]
[Black "Koppe, Jaan"]
[Result "1-0"]
[WhiteElo "2109"]
[BlackElo "2089"]
[PlyCount "67"]

1. b3 e5 2. Bb2 Nc6 3. e3 d5 4. Bb5 Bd6 5. Nf3 Bg4 6. h3 Bxf3 7. Qxf3 Nf6 8.
Qg3 O-O 9. Bxc6 Ne4 10. Qh2 bxc6 11. d3 Nc5 12. Bxe5 Re8 13. Bxd6 cxd6 14. O-O
Qf6 15. Nd2 Qc3 16. Nf3 Rad8 17. Rac1 Ne6 18. Qg3 Qb2 19. a4 d4 20. e4 Qc3 21.
Nh4 d5 22. e5 Rd7 23. Nf5 Rb8 24. f4 Qb4 25. Qg4 Rc7 26. Ng3 g6 27. f5 Ng7 28.
Rce1 Rf8 29. h4 c5 30. h5 Qb6 31. e6 fxe6 32. fxg6 Rxf1+ 33. Rxf1 h6 34. Qf4
1-0

[Event "corr 7. EST email ch"]
[Site "EKMÜ"]
[Date "2004.01.15"]
[Round "?"]
[White "Koppe, Jaan"]
[Black "Otspere, Urmas"]
[Result "1-0"]
[WhiteElo "2089"]
[BlackElo "2020"]
[PlyCount "63"]

1. e4 c5 2. Nf3 Nc6 3. d4 cxd4 4. Nxd4 Nf6 5. Nc3 e5 6. Ndb5 d6 7. Bg5 a6 8.
Bxf6 gxf6 9. Na3 b5 10. Nd5 f5 11. Bd3 Be6 12. Qh5 Bg7 13. O-O f4 14. c3 O-O
15. Rad1 Rb8 16. Nc2 Qd7 17. Rc1 f5 18. Rfd1 a5 19. Na3 fxe4 20. Bxe4 Bf5 21.
Bxf5 Rxf5 22. Qg4 Kh8 23. c4 bxc4 24. Nxc4 Nd4 25. Nxd6 Qxd6 26. Rxd4 Qf8 27.
Rdc4 Bh6 28. Ne7 Rg5 29. Qe6 f3 30. Rc8 Rxg2+ 31. Kf1 Rxc8 32. Rxc8 1-0

[Event "corr 7. EST email ch"]
[Site "EKMÜ"]
[Date "2004.01.15"]
[Round "?"]
[White "Juhtund, Margus"]
[Black "Reede, Arvo"]
[Result "1-0"]
[WhiteElo "1922"]
[BlackElo "1999"]
[PlyCount "69"]

1. e4 d6 2. d4 Nf6 3. Nc3 g6 4. f4 Bg7 5. Nf3 O-O 6. Bd3 Nc6 7. O-O Bg4 8. Be3
e5 9. fxe5 dxe5 10. d5 Nd4 11. Be2 Nxe2+ 12. Qxe2 c6 13. dxc6 bxc6 14. h3 Bxf3
15. Qxf3 Qc7 16. Rad1 Rab8 17. b3 Nd7 18. Qg4 Rfd8 19. Bg5 f6 20. Qe6+ Kh8 21.
Be3 Nf8 22. Rxd8 Rxd8 23. Qc4 a5 24. Na4 Nd7 25. Nb2 Nf8 26. Qa6 Nd7 27. Nc4 h5
28. Qxa5 Qxa5 29. Nxa5 Ra8 30. Nxc6 Rxa2 31. Nb4 Ra8 32. Nd5 Ra2 33. c4 Kg8 34.
b4 Kf8 35. Rc1 1-0

[Event "corr 7. EST email ch"]
[Site "EKMÜ"]
[Date "2004.01.15"]
[Round "?"]
[White "Reede, Arvo"]
[Black "Juhtund, Margus"]
[Result "0-1"]
[WhiteElo "1999"]
[BlackElo "1922"]
[PlyCount "72"]

1. d4 d5 2. c4 e6 3. Nc3 Nf6 4. Bg5 c6 5. e3 Nbd7 6. Nf3 Qa5 7. cxd5 Nxd5 8.
Qd2 Bb4 9. Rc1 f6 10. Bh4 O-O 11. Bd3 N7b6 12. O-O Nxc3 13. bxc3 Bd6 14. Qc2
Qh5 15. c4 c5 16. a4 Bd7 17. a5 Bc6 18. d5 Nxd5 19. cxd5 Bxd5 20. e4 Bc6 21.
Bc4 Rae8 22. Rfd1 Bc7 23. Bb3 Bxa5 24. Qxc5 Qxc5 25. Rxc5 Bb6 26. Rxc6 bxc6 27.
Rd6 Kh8 28. Bxe6 Rd8 29. e5 Rxd6 30. exd6 Re8 31. Bf5 a5 32. g4 a4 33. g5 a3
34. Bb1 Rd8 35. gxf6 Rxd6 36. f7 Rd1+ 0-1

[Event "corr 7. EST email ch"]
[Site "EKMÜ"]
[Date "2004.01.15"]
[Round "?"]
[White "Reede, Arvo"]
[Black "Otspere, Urmas"]
[Result "1-0"]
[WhiteElo "1999"]
[BlackElo "2020"]
[PlyCount "77"]

1. d4 d5 2. c4 c6 3. Nf3 Nf6 4. Nc3 e6 5. Bg5 dxc4 6. a4 Bb4 7. e4 Bxc3+ 8.
bxc3 Qa5 9. e5 Ne4 10. Bd2 Qd5 11. Be2 Nd7 12. O-O O-O 13. Qc2 f5 14. exf6
Nexf6 15. Bc1 Rd8 16. Re1 Kh8 17. Ng5 e5 18. Bf3 Qg8 19. dxe5 Re8 20. e6 Nc5
21. e7 Nd3 22. Re2 Bg4 23. Ba3 Bxf3 24. Nxf3 Nd5 25. g3 Qf7 26. Ne1 Qf6 27.
Nxd3 cxd3 28. Qxd3 Nxc3 29. Ree1 Nxa4 30. Rac1 Rac8 31. Qd7 Rb8 32. Rcd1 Nc3
33. Bb2 b5 34. Qc7 Ra8 35. Qa5 b4 36. Qxb4 Qf7 37. Bxc3 Qf3 38. Qb7 Qxd1 39.
Rxd1 1-0

[Event "corr 7. EST email ch"]
[Site "EKMÜ"]
[Date "2004.01.15"]
[Round "?"]
[White "Kaul, Heino"]
[Black "Juhtund, Margus"]
[Result "1-0"]
[WhiteElo "2109"]
[BlackElo "1922"]
[PlyCount "59"]

1. b3 e5 2. Bb2 d6 3. c4 g6 4. d4 Nc6 5. Nf3 Bg7 6. dxe5 Be6 7. Nc3 Nxe5 8.
Nxe5 Bxe5 9. g3 Qd7 10. Qc2 Ne7 11. Bg2 O-O-O 12. O-O h5 13. Nd5 Bxd5 14. cxd5
h4 15. Rfc1 Bxb2 16. Qxb2 Rde8 17. Rc2 hxg3 18. hxg3 Rh5 19. Qd4 Kb8 20. Rac1
Rc8 21. b4 Rh7 22. a4 Qxa4 23. Ra1 Nf5 24. Qc3 Qb5 25. e4 Ne7 26. Rca2 Qb6 27.
b5 f5 28. Qa3 fxe4 29. Qxa7+ Qxa7 30. Rxa7 1-0

[Event "corr 7. EST email ch"]
[Site "EKMÜ"]
[Date "2004.01.15"]
[Round "?"]
[White "Kipso, Agu"]
[Black "Reede, Arvo"]
[Result "0-1"]
[WhiteElo "2088"]
[BlackElo "1999"]
[PlyCount "66"]

1. Nf3 Nf6 2. g3 g6 3. Bg2 d5 4. O-O Bg7 5. d3 O-O 6. Nbd2 c5 7. e4 Nc6 8. c3
dxe4 9. dxe4 b6 10. Qe2 Bb7 11. Rd1 Qc8 12. Nf1 h6 13. h4 Qe6 14. Re1 Rad8 15.
e5 Ng4 16. Bf4 Nb8 17. N1h2 Nxh2 18. Kxh2 Ba6 19. Qe3 Rd3 20. Qc1 Kh7 21. Rd1
Rfd8 22. Rxd3 Bxd3 23. Qe3 Bf5 24. Bf1 Qc8 25. b3 Nc6 26. Re1 a6 27. a4 e6 28.
Nd2 Nxe5 29. Bxe5 Bxe5 30. Qxe5 Rxd2 31. Qf4 Rd7 32. Qc4 a5 33. b4 axb4 0-1

[Event "corr 7. EST email ch"]
[Site "EKMÜ"]
[Date "2004.01.15"]
[Round "?"]
[White "Otspere, Urmas"]
[Black "Reede, Arvo"]
[Result "1-0"]
[WhiteElo "2020"]
[BlackElo "1999"]
[PlyCount "115"]

1. d4 Nf6 2. c4 e6 3. Nc3 Bb4 4. e3 O-O 5. Bd3 c5 6. Nge2 Nc6 7. Qc2 d5 8. dxc5
Bxc5 9. cxd5 Nb4 10. Qb1 Nxd3+ 11. Qxd3 Nxd5 12. O-O Nxc3 13. Qxc3 Qd6 14. Bd2
Rd8 15. Rfd1 Bd7 16. b4 Bb6 17. Be1 Qe7 18. Rac1 Rac8 19. Qe5 Rxc1 20. Rxc1 f6
21. Qb2 a6 22. h3 e5 23. Nc3 Bc6 24. a4 Rd3 25. Qe2 Qd7 26. Qa2+ Qf7 27. Qxf7+
Kxf7 28. Kf1 Ke6 29. Ke2 Rd8 30. f3 h6 31. Bf2 g6 32. b5 Bd7 33. bxa6 bxa6 34.
Nd5 Ba7 35. Nc7+ Kd6 36. Nxa6 Bxa4 37. Rb1 Ra8 38. Nb4 Bb5+ 39. Nd3 Ba6 40. Rd1
Ke6 41. Ra1 Bxd3+ 42. Kxd3 Rd8+ 43. Ke2 Bc5 44. g4 Rb8 45. Kd3 Rb2 46. Bg3 Bd6
47. Ra6 Rb1 48. Bf2 Rb3+ 49. Kc4 Rb2 50. Be1 Rb1 51. Bc3 Rh1 52. Bb4 Rd1 53. h4
h5 54. gxh5 gxh5 55. Rb6 f5 56. Ba3 Ke7 57. Rxd6 Rxd6 58. e4 1-0

[Event "corr 7. EST email ch"]
[Site "EKMÜ"]
[Date "2004.01.15"]
[Round "?"]
[White "Kipso, Agu"]
[Black "Juhtund, Margus"]
[Result "0-1"]
[WhiteElo "2088"]
[BlackElo "1922"]
[PlyCount "54"]

1. Nf3 d5 2. g3 Nf6 3. Bg2 e6 4. O-O Bd6 5. d3 O-O 6. Nbd2 e5 7. e4 dxe4 8.
dxe4 Nc6 9. c3 Qe7 10. Qe2 Rd8 11. Nc4 Be6 12. Nxd6 Rxd6 13. b3 Rdd8 14. Bb2 h6
15. h3 a5 16. c4 Qc5 17. a4 Nd7 18. Rfd1 Qb6 19. Qc2 f6 20. Ba3 Nc5 21. Bxc5
Qxc5 22. Rxd8+ Rxd8 23. Rd1 Qe7 24. Rxd8+ Qxd8 25. Qd2 Qxd2 26. Nxd2 Nd4 27. f4
exf4 0-1

[Event "corr 7. EST email ch"]
[Site "EKMÜ"]
[Date "2004.01.15"]
[Round "?"]
[White "Otspere, Urmas"]
[Black "Juhtund, Margus"]
[Result "0-1"]
[WhiteElo "2020"]
[BlackElo "1922"]
[PlyCount "74"]

1. d4 d5 2. c4 e6 3. Nc3 Nf6 4. Bg5 c6 5. Nf3 dxc4 6. e4 b5 7. e5 h6 8. Bh4 g5
9. Nxg5 hxg5 10. Bxg5 Be7 11. exf6 Bxf6 12. Bxf6 Qxf6 13. g3 Bb7 14. Bg2 Na6
15. a4 Qe7 16. O-O b4 17. Ne2 c5 18. Bxb7 Qxb7 19. Rc1 O-O-O 20. f3 Kb8 21.
Rxc4 e5 22. d5 Rxd5 23. Qa1 Rd3 24. b3 f6 25. f4 Qh7 26. Rf2 Rxb3 27. Rc1 Qe4
28. fxe5 fxe5 29. Re1 c4 30. Qc1 Nc5 31. Ref1 Re3 32. Qd2 Nd3 33. Rf8+ Rxf8 34.
Rxf8+ Kc7 35. Rf7+ Kc6 36. Rf6+ Kc5 37. Rf2 Nxf2 0-1

[Event "corr 7. EST email ch"]
[Site "EKMÜ"]
[Date "2004.01.15"]
[Round "?"]
[White "Juhtund, Margus"]
[Black "Kipso, Agu"]
[Result "1-0"] 
[WhiteElo "1922"]
[BlackElo "2088"]

1.e4 d6 2.Nf3 Nf6 3.Nc3 g6 4.Be2 Bg7 5.0-0 0-0 6.d4 Bg4 7.h3 Bxf3 8.Bxf3 Nc6 9.Ne2 e5 10.d5 Ne7 11.c4 Nd7 12.Be3 f5 13.Qb3 f4 14.Bd2 b6 15.Rad1 a5 16.Qc2 Nc5 17.g3 g5 18.Kh2 Kh8 19.Nc3 Ng8 20.Rg1 Nf6 21.gxf4 gxf4 22.Rg2 Bh6 23.Rdg1 Qe7 24.b3 Rg8 25.a3 Rxg2 26.Rxg2 Rg8
27.Rxg8+ Kxg8 28.b4 axb4 29.axb4 Ncd7 30.Qa4 Bf8 31.Qc6 Ne8 32.Be1 Ndf6 33.Nb5 Kg7 34.Kg1 h5 35.Kh2 Kh6 36.Qb7 Nh7 37.Bg2 Ng5 38.f3 Nf7 39.Qc8 Bg7 40.Bf2 Bf6 41.Kg1 Bh4 42.Bxh4 Qxh4 43.Qxe8 Qe1+ 44.Bf1 Qg3+ 45.Kh1 Qf2 46.Qf8+ Kh7 47.Qxf7+ Kh6 48.Qf6+ Kh7 49.Qg5 Qxf1+ 50.Kh2 Qxc4 51.Qxh5+ Kg7 52.Qg5+ Kh7 53.Nxc7 Qc2+ 54.Qg2 Qxc7 55.h4 Qe7 56.Kh3 b5 57.Qg5 Qf7 58.Kg4 Qa7 59.Qf6 Qg1+ 60.Kh5 Qg3 61.Qe7+ 1-0

[Event "corr 7. EST email ch"]
[Site "EKMÜ"]
[Date "2004.01.15"]
[Round "?"]
[White "Otspere, Urmas"]
[Black "Kaul, Heino"]
[Result "0-1"] 
[WhiteElo "2020"]
[BlackElo "2109"]
 
1.d4 d5 2.c4 c6 3.Nf3 Nf6 4.Nc3 e6 5.e3 Nbd7 6.Qc2 Bd6 7.e4 dxe4 8.Nxe4 Nxe4 9.Qxe4 e5 10.dxe5 Qe7 11.Bf4 Bb4+ 12.Bd2 Bxd2+ 13.Nxd2 Qxe5 14.0-0-0 0-0 15.Bd3 g6 16.Qh4 Qa5 17.Bb1 Nc5 18.Nf3 Qb4 19.Rd8 Be6 20.Rxf8+ Rxf8 21.Ne5 Na4 22.Nd3 Qxc4+ 23.Qxc4 Bxc4 24.b3 Bxd3 25.Bxd3 Nc5 26.Bc2 Re8 27.Kd2 a5 28.Re1 Rxe1 29.Kxe1 f6 30.Kd2 Kf7 31.Kc3 f5 32.Kd4 Nd7 33.a3 Ke6 34.b4 axb4 35.axb4 Kd6 36.Bb3  Nf6 37.f4 Nd5 38.Bxd5 cxd5 39.h3 Kc6 40.g4 fxg4 41.hxg4 Kd6 42.Kd3 h5 43.f5 h4 44.fxg6 Ke6 0-1